000 00699nam a22002537a 4500
005 20260416145739.0
008 160125b2009 xxu||||| |||| 00| | spa d
020 _a9788498764932
041 _aESP
082 _a365 D568e
100 _aDíez González, Pedro Ramón
_92194
100 _aÁlvarez Díaz, José Antonio
_92195
245 _aLos efectos psicosociales de la pena de prisión
260 _aCosta Rica
260 _bTirant Lo Blanch
260 _c2009
300 _a190 páginas
490 _aInvestigación Criminal
650 _aPSICOLOGÍA CRIMINAL
650 _aSOCIOLOGÍA CRIMINAL
650 _aEFECTOS SOCIALES
650 _aEFECTOS PSICOLÓGICOS
942 _cBK
_2ddc
999 _c7504
_d7504